LEADER 02796 am 2200457 n 450 001 9910495774103321 005 20240104030449.0 010 $a2-7574-2923-X 024 7 $a10.4000/books.septentrion.77751 035 $a(CKB)4100000010138541 035 $a(FrMaCLE)OB-septentrion-77751 035 $a(PPN)242887120 035 $a(EXLCZ)994100000010138541 100 $a20200130j|||||||| ||| 0 101 0 $afre 135 $auu||||||m|||| 200 03$aLa franc-maçonnerie et la crise boulangiste (1886-1891)$fJulien Rycx 210 $aVilleneuve d'Ascq$cPresses universitaires du Septentrion$d2020 215 $a1 online resource (234 p.) 311 $a2-7574-2855-1 330 $aAu c?ur « d?un mystère qui semble encore loin d?être épuisé » (Bertrand Joly ? 2008), le boulangisme, mouvement polymorphe, paraît avoir été étudié sous tous ses aspects depuis les premiers travaux d?Adrien Dansette en 1939. Pourtant, son analyse à travers le prisme de la franc-maçonnerie demeure encore un champ de recherche en friche. L?étude entre l?événement et l?institution maçonnique ne semblerait avoir trouvé sa place ni chez les historiens du Général ni chez ceux de la maçonnerie. Enjeu mémoriel, cette séquence illustre cependant, parfaitement, les mécanismes d?une grande machine à falsifier le réel, largement altérée par le poids des discours, des mythes et des représentations. Que penser alors de cet anti-boulangisme maçonnique porté par l?historiographie traditionnelle ? Derrière sa précocité, son unité et son ardeur, n?occulterait-il pas la fragmentation des « mondes maçonniques » ? Quelle place occupe la séquence boulangiste dans le « roman maçonnique national » ? At the heart of "a mystery that still seems far from being exhausted" (Bertrand Joly - 2008), boulangism, a polymorphic movement, seems to have been studied in all its aspects since Adrien Dansette's first works in 1939. However, its analysis through the prism of Freemasonry still remains a fallow area of research. 517 $aFranc-maçonnerie et la crise boulangiste 517 $aFranc-maçonnerie et la crise boulangiste 517 $aLa franc-maçonnerie et la crise boulangiste 606 $aHistory 606 $aBoulangisme 606 $afranc-maçonnerie 606 $amythologie 606 $aRépublique 607 $aFrance$xPolitics and government$y1870-1940 615 4$aHistory 615 4$aBoulangisme 615 4$afranc-maçonnerie 615 4$amythologie 615 4$aRépublique 700 $aRycx$b Julien$01288136 801 0$bFR-FrMaCLE 906 $aBOOK 912 $a9910495774103321 996 $aLa franc-maçonnerie et la crise boulangiste (1886-1891)$93657820 997 $aUNINA LEADER 03260nam 2200625 a 450 001 9910781562103321 005 20230421050607.0 010 $a1-62895-224-5 010 $a0-87013-907-X 035 $a(CKB)2550000000066152 035 $a(EBL)1768435 035 $a(SSID)ssj0000648177 035 $a(PQKBManifestationID)11381016 035 $a(PQKBTitleCode)TC0000648177 035 $a(PQKBWorkID)10611949 035 $a(PQKB)10848585 035 $a(MiAaPQ)EBC3338164 035 $a(OCoLC)301094956 035 $a(MdBmJHUP)muse12688 035 $a(Au-PeEL)EBL3338164 035 $a(CaPaEBR)ebr10514554 035 $a(OCoLC)888748211 035 $a(EXLCZ)992550000000066152 100 $a19980121d1998 uy 0 101 0 $aeng 135 $aur|n|---||||| 181 $ctxt 182 $cc 183 $acr 200 10$aWho is buried in Chaucer's tomb?$b[electronic resource] $estudies in the reception of Chaucer's book /$fJoseph A. Dane 210 $aEast Lansing $cMichigan State University Press$dc1998 215 $a1 online resource (320 p.) 300 $aDescription based upon print version of record. 311 $a0-87013-432-9 320 $aIncludes bibliographical references and index. 327 $aContents; Introduction; Chapter 1: Who is Buried in Chaucer's Tomb?; Chapter 2: Who Wrote Chaucer's Workes? : The Authority of [William Thynne?]; Chapter 3: Toward a Typographical History of Chaucer: The Blackletter Chaucer; Chapter 4: The Book and the Text: Two Studies on the Testament of Love; Chapter 5: [Chaucer's] Retraction and the Eighteenth-Century History of Printing; Chapter 6: The Reception of Chaucer's Eighteenth-Century Editors; Chapter 7: The Book and the Booklet; Chapter 8: Unbooking Chaucer: The Drama of Chaucer the Persona 327 $aChapter 9: Problems of Evidence in Modern Chaucer EditionsChapter 10: Scribes as Critics; Conclusion: Chaucerus Noster and the Fine Press Chaucer; Notes; Works Cited 330 $a Joseph A. Dane examines the history of the books we now know as ""Chaucer's""-a history that includes printers and publishers, editors, antiquarians, librarians, and book collectors. The Chaucer at issue here is not a medieval poet, securely bound within his fourteenth-century context, but rather the product of the often chaotic history of the physical books that have been produced and marketed in his name. This history involves a series of myths about Chaucer-a reformist Chaucer, a realist Chaucer, a political and critical Chaucer who seems oddly like us. It also involves more self 606 $aLiterature publishing$zGreat Britain$xHistory$y18th century 606 $aManuscripts, Medieval$zEngland$xEditing 606 $aManuscripts, English (Middle)$xEditing 606 $aPaleography, English 615 0$aLiterature publishing$xHistory 615 0$aManuscripts, Medieval$xEditing. 615 0$aManuscripts, English (Middle)$xEditing. 615 0$aPaleography, English. 676 $a821/.1 700 $aDane$b Joseph A$0923102 801 0$bMiAaPQ 801 1$bMiAaPQ 801 2$bMiAaPQ 906 $aBOOK 912 $a9910781562103321 996 $aWho is buried in Chaucer's tomb$93719645 997 $aUNINA